Score 0/18 Timer 05:00
3 Plays Today
Most mentioned character Character % Correct
...who is a bastardJon Snow
99%
...of House LannisterTyrion Lannister
98.3%
...of House StarkArya Stark
97.3%
...of House GreyjoyTheon Greyjoy
97.1%
...of House TargaryenDaenerys Targaryen
93.9%
...who is a DothrakiKhal Drogo
90.5%
...of House BaratheonStannis Baratheon
89.3%
...of House TullyCatelyn Tully
89.1%
...who is or was of the KingsguardJaime Lannister
87.8%
Most mentioned character Character % Correct
...of House ArrynJon Arryn
86.7%
...of House TyrellLoras Tyrell
81.5%
...who is a wildlingMance Rayder
79.3%
...who is a maesterMaester Aemon
77%
...born in Flea BottomDavos Seaworth
60.1%
...who is a septon or septaSepta Mordane
59.5%
...of House MartellQuentyn Martell
48.6%
...without a surnameVarys
39%
...who is from the Slaver's BayHizdahr zo Loraq
30.8%
Remove Ads.
Support Sporcle.
Get the best of Sporcle when you Go Orange. This ad-free experience offers more features, more stats, and more fun while also helping to support Sporcle. Thank you for becoming a member.

You're not logged in!

Compare scores with friends on all Sporcle quizzes.
OR
Log In

Sporcle TV

Today on Sporcle TV


Watch our educational content, quiz creation guides, and fun videos on Sporcle TV.

Show Comments

Extras

Top Quizzes Today


Score Distribution

Paid Content

Your Account Isn't Verified!

In order to create a playlist on Sporcle, you need to verify the email address you used during registration. Go to your Sporcle Settings to finish the process.

Report this User

Report this user for behavior that violates our Community Guidelines.

Details: